01316nam a2200349Ia 4500001001200000003000800012006001900020007001500039008004100054020001500095040002100110035002000131050002700151100002200178245014800200260004900348300002500397533015200422630002200574650002900596650003400625655002900659700002000688700001900708700002000727700002000747700002000767700001900787710001700806856012600823999001700949ebr10078129CaPaEBRm u cr cn|||||||||030404s2004 maua s 000 0 eng d z193226650X aCaPaEBRcCaPaEBR a(OCoLC)7072109314aQA76.9.C55bW55 2004eb1 aWilson, Connie S.10aDeploying Citrix MetaFrame presentation server 3.0 with Windows server 2003 terminal servicesh[electronic resource] /cConnie S. Wilson et al. aRockland, MA :bSyngress Publishing,cc2004. axxiv, 567 p. :bill. aElectronic reproduction.bPalo Alto, Calif. :cebrary,d2009.nAvailable via World Wide Web.nAccess may be limited to ebrary affiliated libraries.00aCitrix MetaFrame. 0aClient/server computing. 0aOperating systems (Computers) 7aElectronic books.2local1 aJones, Anthony.1 aStansel, Paul.1 aCrump, Ralph W.1 aBroomes, Chris.1 aCraft, Melissa.1 aGuinn, Travis.2 aebrary, Inc.40uhttp://site.ebrary.com/lib/rucke/Doc?id=10078129zAn electronic book accessible through the World Wide Web; click to view c53769d53769